Biggest Cities in New York Metropolitan - Statistics

General Stats
  • This quiz has been taken 81 times
  • The average score is 11 of 17
Answers on the Map
Answers color-coded by a green-red scale on the quiz's map according to % correct below.
 
Answer Stats
Population Answer % Correct
8,335,897 New York
100%
305,344 Newark
93%
208,121 Yonkers
93%
286,670 Jersey City
90%
138,915 New Haven
86%
148,377 Bridgeport
77%
136,188 Stamford
77%
82,288 New Rochelle
71%
134,283 Elizabeth
67%
89,661 Trenton
61%
156,661 Paterson
60%
86,967 Danbury
56%
91,401 Norwalk
50%
115,016 Waterbury
50%
107,361 Edison
46%
88,709 Clifton
34%
93,700 Tom's River
26%
No matching quizzes found
Score Distribution
Percent of People with Each Score
Percentile by Number Answered
Your Score History
You have not taken this quiz